000 00419nam a22001577a 4500
999 _c3130
_d3130
008 200319b ||||| |||| 00| 0 eng d
020 _a0333231503
082 0 0 _a620.106
_bF7911
100 _92684
_aFox, J. A.
245 1 0 _aAn introduction to engineering fluid mechanics /
_cby J. A. Fox
250 _a2nd ed.
260 _aLondon
_bMacmillan
_c1977
300 _axv, 446 p.
650 0 _aFluid Mechanics
942 _cBK